[Event "TIPC 2008 GM"]
[Site "Charleroi"]
[Date "2008.07.26"]
[Round "1.1"]
[White "Terrieux, Kevin"]
[Black "Van der Stricht, Geert"]
[Result "1/2-1/2"]
[WhiteElo "2360"]
[BlackElo "2426"]
[PlyCount "63"]
[EventDate "2008.??.??"]
[SourceDate "2008.07.26"]

1. e4 c5 2. Nf3 a6 3. c3 e6 4. d4 d5 5. e5 Bd7 6. Be2 Bb5 7. Bxb5+ axb5 8. dxc5
Bxc5 9. b4 Bb6 10. Qd3 Ne7 11. Qxb5+ Nbc6 12. Bg5 O-O 13. Bxe7 Nxe7 14. Nbd2
Qc7 15. O-O Rfc8 16. Rfc1 Ng6 17. c4 Qc6 18. Qxc6 bxc6 19. a4 Nf4 20. Rcb1 Ne2+
21. Kf1 Nc3 22. Rc1 Rxa4 23. Rxa4 Nxa4 24. cxd5 exd5 25. Rc2 Kf8 26. Nb3 Ke7
27. Nfd4 Kd7 28. Ke2 Bxd4 29. Nxd4 Nb6 30. Rc5 Rc7 31. f4 Na4 32. Ra5 1/2-1/2

[Event "TIPC 2008 GM"]
[Site "Charleroi"]
[Date "2008.07.26"]
[Round "1.2"]
[White "Vandevoort, Pascal"]
[Black "Kraemer, Martin"]
[Result "0-1"]
[WhiteElo "2409"]
[BlackElo "2456"]
[PlyCount "73"]
[EventDate "2008.??.??"]
[SourceDate "2008.07.26"]

1. e4 c5 2. Nf3 d6 3. d4 cxd4 4. Nxd4 Nf6 5. Nc3 a6 6. h3 e5 7. Nf3 Be7 8. Bc4
Be6 9. Bb3 Nbd7 10. O-O Nc5 11. Qe2 Nxb3 12. axb3 h6 13. Rd1 Qc8 14. Nd2 b5 15.
Nf1 Qc6 16. Qd3 O-O 17. Ne3 Rfc8 18. Ncd5 Bxd5 19. exd5 Qd7 20. b4 Bd8 21. Bd2
Bb6 22. Ra3 Re8 23. Bc3 g6 24. Qe2 h5 25. Qf3 Kg7 26. Rda1 Qb7 27. Rd1 Rec8 28.
Kh1 Bxe3 29. Qxe3 Rc4 30. f3 h4 31. Qd2 Nh5 32. Kh2 Qc8 33. Re1 Nf6 34. Rd1 Kh7
35. Qg5 Ng8 36. Rf1 Rf4 37. Bxe5 {tijd} 0-1

[Event "TIPC 2008 GM"]
[Site "Charleroi"]
[Date "2008.07.26"]
[Round "1.3"]
[White "Gharamian, Tigran"]
[Black "Rausis, Igor"]
[Result "1/2-1/2"]
[WhiteElo "2560"]
[BlackElo "2486"]
[PlyCount "39"]
[EventDate "2008.??.??"]
[SourceDate "2008.07.26"]

1. e4 e5 2. Nf3 Nf6 3. Nxe5 d6 4. Nc4 Nxe4 5. d4 d5 6. Ne3 Qf6 7. Qe2 Be6 8. c3
Nc6 9. g3 O-O-O 10. Bg2 h5 11. h4 Qg6 12. Nd2 f5 13. Nxe4 fxe4 14. Bd2 Bd6 15.
O-O-O Ne7 16. f3 Nf5 17. Nxf5 Bxf5 18. fxe4 Bxe4 19. Bxe4 dxe4 20. Rhg1 1/2-1/2

[Event "TIPC 2008 GM"]
[Site "Charleroi"]
[Date "2008.07.26"]
[Round "1.4"]
[White "Hovhanisian, Mher"]
[Black "Dgebuadze, Alexandre"]
[Result "1/2-1/2"]
[WhiteElo "2458"]
[BlackElo "2562"]
[PlyCount "41"]
[EventDate "2008.??.??"]
[SourceDate "2008.07.26"]

1. e4 c5 2. c3 d6 3. d4 Nf6 4. Bd3 cxd4 5. cxd4 Nc6 6. Nf3 Bd7 7. Nc3 g6 8. O-O
Bg7 9. h3 O-O 10. Be3 a6 11. d5 Ne5 12. Rc1 Rc8 13. Qd2 Nc4 14. Bxc4 Rxc4 15.
e5 dxe5 16. Nxe5 Rc8 17. Bh6 Bb5 18. Bxg7 Kxg7 19. Rfe1 Qd6 20. Ng4 Rfd8 21.
Nxf6 1/2-1/2

[Event "TIPC 2008 GM"]
[Site "Charleroi"]
[Date "2008.07.26"]
[Round "1.5"]
[White "Plachetka, Jan"]
[Black "Michiels, Bart"]
[Result "1-0"]
[WhiteElo "2381"]
[BlackElo "2442"]
[PlyCount "105"]
[EventDate "2008.??.??"]
[SourceDate "2008.07.26"]

1. c4 c5 2. Nf3 Nf6 3. Nc3 b6 4. e4 d6 5. d4 cxd4 6. Nxd4 Bb7 7. Bd3 Nbd7 8.
Qe2 g6 9. O-O Bg7 10. Rd1 O-O 11. Bc2 a6 12. Bg5 h6 13. Bh4 e6 14. Nf3 Qc7 15.
Bg3 Ne5 16. Nxe5 dxe5 17. f3 Rfc8 18. Bf2 Qxc4 19. Qxc4 Rxc4 20. Bxb6 Bf8 21.
Bb3 Rb4 22. Be3 a5 23. Rac1 Bc6 24. Rd2 Rab8 25. Nd1 Bb5 26. Rc7 Ne8 27. Ra7 a4
28. Bc2 Nd6 29. a3 Rc4 30. Bd3 Rc6 31. Bxb5 Rxb5 32. Rxa4 Nc4 33. Rc2 Nxe3 34.
Rxc6 Nxd1 35. b4 Rb7 36. Ra8 Kg7 37. Kf1 Rd7 38. Ke2 Be7 39. g3 Bg5 40. Rc2 h5
41. h4 Be3 42. Rac8 g5 43. b5 g4 44. a4 Bb6 45. fxg4 Ne3 46. R2c6 Bd4 47. gxh5
Ra7 48. b6 Rxa4 49. b7 Ra2+ 50. Kd3 Nf1 51. Rc2 Ra3+ 52. R2c3 Bxc3 53. Rxc3 1-0

[Event "TIPC 2008 GM"]
[Site "Charleroi"]
[Date "2008.07.27"]
[Round "2.2"]
[White "Dgebuadze, Alexandre"]
[Black "Plachetka, Jan"]
[Result "0-1"]
[WhiteElo "2562"]
[BlackElo "2381"]
[PlyCount "90"]
[EventDate "2008.??.??"]
[SourceDate "2008.07.26"]

1. e4 e5 2. Nf3 Nc6 3. Bb5 a6 4. Ba4 Nf6 5. O-O Be7 6. Re1 b5 7. Bb3 d6 8. c3
O-O 9. h3 Na5 10. Bc2 d5 11. exd5 e4 12. Nd4 Qxd5 13. d3 exd3 14. Qxd3 Bb7 15.
Qf1 Rfe8 16. Bd1 c5 17. Bf3 Qd7 18. Bxb7 Nxb7 19. Nf3 c4 20. Bg5 Nc5 21. Nbd2
h6 22. Be3 Nd3 23. Reb1 Nd5 24. Bd4 Bg5 25. Nxg5 hxg5 26. b3 N5f4 27. bxc4 g4
28. cxb5 axb5 29. Kh2 Re2 30. g3 Rxd2 31. gxf4 Ra6 32. Rd1 g3+ 33. Kg1 Nxf4 34.
Rxd2 g2 35. Qxg2 Nxg2 36. Kxg2 Rg6+ 37. Kf1 Qxh3+ 38. Ke2 Qg4+ 39. f3 Qg2+ 40.
Kd3 Qxf3+ 41. Kc2 Rg2 42. Rg1 Rxd2+ 43. Kxd2 Qf4+ 44. Kd3 g5 45. Re1 Kh7 {
Reste illisible. Les blancs se font matter au coup 48.} 0-1

[Event "TIPC 2008 GM"]
[Site "Charleroi"]
[Date "2008.07.27"]
[Round "2.4"]
[White "Kraemer, Martin"]
[Black "Gharamian, Tigran"]
[Result "1-0"]
[WhiteElo "2456"]
[BlackElo "2560"]
[PlyCount "85"]
[EventDate "2008.??.??"]
[SourceDate "2008.07.26"]

1. d4 Nf6 2. c4 c5 3. Nf3 cxd4 4. Nxd4 e5 5. Nb5 d5 6. cxd5 Bc5 7. e3 O-O 8.
Be2 Nxd5 9. O-O Nc6 10. a3 Be6 11. b4 Be7 12. N5c3 Nb6 13. Nd2 Rc8 14. Bb2 Rc7
15. Qe1 Rd7 16. Rd1 Qc8 17. Rc1 Rfd8 18. Nce4 Rc7 19. Ba1 f6 20. Nc5 Bf7 21.
Nde4 Nb8 22. f4 exf4 23. exf4 Bd5 24. Bf3 Na6 25. Nxa6 bxa6 26. Rxc7 Qxc7 27.
Qe3 Bf7 28. Rc1 Qb8 29. Nc5 Bd6 30. g3 Nc4 31. Qe2 Nxa3 32. Nb7 Re8 {...} 33.
Qd2 Bc7 34. Kg2 Nb5 35. Bc6 Rf8 36. Nc5 Qb6 37. Nd7 Rd8 38. Qe2 Qxc6+ 39. Rxc6
Bd5+ 40. Kf2 Bxc6 41. Qe6+ Kh8 42. Qxc6 Rc8 43. Qe6 1-0

[Event "TIPC 2008 GM"]
[Site "Charleroi"]
[Date "2008.07.27"]
[Round "2.5"]
[White "Terrieux, Kevin"]
[Black "Vandevoort, Pascal"]
[Result "1-0"]
[WhiteElo "2360"]
[BlackElo "2409"]
[PlyCount "66"]
[EventDate "2008.??.??"]
[SourceDate "2008.07.26"]

1. d4 Nf6 2. c4 e6 3. Nc3 Bb4 4. Qc2 O-O 5. a3 Bxc3+ 6. Qxc3 h6 7. g3 d6 8. Bg2
Nbd7 9. b4 e5 10. Bb2 Re8 11. Nf3 e4 12. Nd2 d5 13. e3 Nb6 14. cxd5 Bf5 15. Qc2
Nbxd5 16. Nc4 Qd7 17. h3 h5 18. Ne5 Qb5 19. Bf1 Qb6 20. Be2 Qe6 21. g4 hxg4 22.
hxg4 Bxg4 23. Bxg4 Nxg4 24. Qxe4 f5 25. Qf3 Nxe5 26. dxe5 a5 27. Rd1 c6 28. b5
Rad8 29. Qh5 cxb5 30. Ke2 b4 31. axb4 axb4 32. Kf3 Ne7 33. Rd6 Qc4 1-0

[Event "TIPC 2008 GM"]
[Site "Charleroi"]
[Date "2008.07.28"]
[Round "3.1"]
[White "Vandevoort, Pascal"]
[Black "Van der Stricht, Geert"]
[Result "1-0"]
[WhiteElo "2409"]
[BlackElo "2426"]
[PlyCount "80"]
[EventDate "2008.??.??"]
[SourceDate "2008.07.26"]

1. d4 Nf6 2. Nf3 d5 3. c4 c6 4. Nc3 dxc4 5. a4 Bf5 6. Ne5 Nbd7 7. Nxc4 Nb6 8.
Ne5 a5 9. g3 e6 10. Bg2 Bb4 11. O-O O-O 12. e3 Re8 13. g4 Bg6 14. h4 h5 15. g5
Nfd5 16. Nxg6 fxg6 17. Ne2 e5 18. dxe5 Rxe5 19. e4 Qe7 20. Ng3 Nc7 21. f4 Rd8
22. Qf3 Rc5 23. f5 Qf7 24. Bf4 Ne8 25. Rad1 Rxd1 26. Rxd1 gxf5 27. Nxf5 Rxf5
28. exf5 Qxf5 29. Rd8 Qe6 30. Qe3 Qxe3+ 31. Bxe3 Nc4 32. Rxe8+ Kf7 33. Re4 Nxb2
34. Rf4+ Ke6 35. Bh3+ Ke5 36. Rf7 Ke4 37. Bf2 b5 38. Bg2+ Ke5 39. axb5 cxb5 40.
Rb7 Nd3 1-0

[Event "TIPC 2008 GM"]
[Site "Charleroi"]
[Date "2008.07.28"]
[Round "3.2"]
[White "Gharamian, Tigran"]
[Black "Terrieux, Kevin"]
[Result "1/2-1/2"]
[WhiteElo "2560"]
[BlackElo "2360"]
[PlyCount "79"]
[EventDate "2008.??.??"]
[SourceDate "2008.07.26"]

1. e4 c5 2. Nf3 Nc6 3. d4 cxd4 4. Nxd4 Nf6 5. Nc3 e5 6. Ndb5 d6 7. Bg5 a6 8.
Na3 b5 9. Nd5 Be7 10. Bxf6 Bxf6 11. c3 Ne7 12. Nxf6+ gxf6 13. Nc2 f5 14. exf5
Bxf5 15. Ne3 Be6 16. a4 Rb8 17. axb5 axb5 18. Ra6 d5 19. Be2 Bc8 20. Rh6 b4 21.
O-O bxc3 22. bxc3 O-O 23. Bd3 f5 24. Qh5 Rf7 25. Ng4 Ng6 26. Rxg6+ hxg6 27.
Qxg6+ Rg7 28. Nf6+ Kf8 29. Qh6 Kf7 30. Nh5 Qg5 31. Qxg7+ Qxg7 32. Nxg7 Kxg7 33.
Rb1 Ra8 34. g3 Be6 35. Be2 Rc8 36. Rb3 d4 37. Rb7+ Kf6 38. cxd4 Rc1+ 39. Kg2
Bd5+ 40. Bf3 1/2-1/2

[Event "TIPC 2008 GM"]
[Site "Charleroi"]
[Date "2008.07.28"]
[Round "3.3"]
[White "Hovhanisian, Mher"]
[Black "Kraemer, Martin"]
[Result "1/2-1/2"]
[WhiteElo "2458"]
[BlackElo "2456"]
[PlyCount "54"]
[EventDate "2008.??.??"]
[SourceDate "2008.07.26"]

1. d4 Nf6 2. c4 e6 3. Nf3 c5 4. e3 cxd4 5. exd4 d5 6. Nc3 Bb4 7. Bd3 O-O 8. O-O
dxc4 9. Bxc4 b6 10. Qe2 Bb7 11. Rd1 Bxc3 12. bxc3 Qc7 13. Bd3 Nbd7 14. c4 Rfe8
15. Ne5 Nxe5 16. dxe5 Nd7 17. Bf4 Nf8 18. h4 Ng6 19. Bg3 Ne7 20. Qh5 h6 21. Bf4
Rad8 22. Bxh6 gxh6 23. Qxh6 Nf5 24. Bxf5 exf5 25. Qg5+ Kf8 26. Qh6+ Kg8 27.
Qg5+ Kf8 1/2-1/2

[Event "TIPC 2008 GM"]
[Site "Charleroi"]
[Date "2008.07.28"]
[Round "3.4"]
[White "Plachetka, Jan"]
[Black "Rausis, Igor"]
[Result "1/2-1/2"]
[WhiteElo "2381"]
[BlackElo "2486"]
[PlyCount "39"]
[EventDate "2008.??.??"]
[SourceDate "2008.07.26"]

1. d4 d5 2. c4 c6 3. Nf3 Nf6 4. Nc3 dxc4 5. a4 Bf5 6. e3 e6 7. Bxc4 Bb4 8. O-O
Nbd7 9. Qe2 O-O 10. e4 Bg6 11. e5 Nd5 12. Nxd5 cxd5 13. Bd3 h6 14. Bd2 Qa5 15.
Bxb4 Qxb4 16. Bxg6 fxg6 17. Qb5 Qxb5 18. axb5 a6 19. bxa6 Rxa6 20. Rfc1 1/2-1/2

[Event "TIPC 2008 GM"]
[Site "Charleroi"]
[Date "2008.07.28"]
[Round "3.5"]
[White "Michiels, Bart"]
[Black "Dgebuadze, Alexandre"]
[Result "0-1"]
[WhiteElo "2442"]
[BlackElo "2562"]
[PlyCount "136"]
[EventDate "2008.??.??"]
[SourceDate "2008.07.26"]

1. e4 e6 2. d4 d5 3. Nc3 Bb4 4. e5 Ne7 5. a3 Bxc3+ 6. bxc3 c5 7. Qg4 O-O 8. Bd3
Nbc6 9. Qh5 Ng6 10. Nf3 Qc7 11. Be3 c4 12. Bxg6 fxg6 13. Qg4 Bd7 14. h4 Rf5 15.
h5 gxh5 16. Rxh5 Rxh5 17. Qxh5 Be8 18. Qh3 Nd8 19. Bg5 Bf7 20. Kd2 Qb6 21. Be7
Bg6 22. Ng5 Nf7 23. Nxf7 Kxf7 24. Bd6 Qd8 25. f4 Qd7 26. g4 Be4 27. f5 exf5 28.
gxf5 Kg8 29. Rf1 g6 30. Qh4 Bxf5 31. Rf2 Re8 32. Rh2 h5 33. Qg5 Kh7 34. Kd1
Bg4+ 35. Kc1 Qf5 36. Be7 Qxg5+ 37. Bxg5 Rf8 38. Bf6 Kh6 39. Rf2 Kh7 40. Rf4 Kg8
41. Kd2 Rf7 42. Rf1 Rh7 43. Bh4 Bf5 44. Rb1 b6 45. Rg1 Kf7 46. Rf1 Ke6 47. Rg1
Rf7 48. Rf1 g5 49. Bxg5 Rg7 50. Rg1 h4 51. Be3 Rxg1 52. Bxg1 h3 53. Bh2 a5 54.
Kd1 Bg6 55. Kd2 Be8 56. Ke3 Ba4 57. Kf4 Bxc2 58. Kg4 Bf5+ 59. Kf4 b5 60. Bg1
Bd3 61. Kg4 Bf1 62. Kg3 Kf5 63. Kf3 Bd3 64. Ke3 Kg4 65. Bh2 Bf5 66. Kf2 Bd7 67.
Ke3 Kf5 68. Bg3 Be8 0-1

[Event "TIPC 2008 GM"]
[Site "Charleroi"]
[Date "2008.07.28"]
[Round "4.1"]
[White "Van der Stricht, Geert"]
[Black "Dgebuadze, Alexandre"]
[Result "1/2-1/2"]
[WhiteElo "2426"]
[BlackElo "2562"]
[PlyCount "56"]
[EventDate "2008.??.??"]
[SourceDate "2008.07.26"]

1. d4 Nf6 2. c4 e6 3. Nf3 Bb4+ 4. Bd2 Qe7 5. g3 Nc6 6. Nc3 Bxc3 7. Bxc3 Ne4 8.
Rc1 O-O 9. Bg2 a5 10. c5 d5 11. cxd6 cxd6 12. O-O Nxc3 13. Rxc3 e5 14. d5 Nb4
15. a3 Na6 16. Nd2 b5 17. Nb3 Qd8 18. Qd2 Bd7 19. Rcc1 b4 20. axb4 axb4 21. Ra1
Qb6 22. Ra5 Nc7 23. Qe3 Qxe3 24. fxe3 Ba4 25. Rxa8 Rxa8 26. Rc1 Ne8 27. Ra1 Kf8
28. Nc1 f5 1/2-1/2

[Event "TIPC 2008 GM"]
[Site "Charleroi"]
[Date "2008.07.28"]
[Round "4.3"]
[White "Kraemer, Martin"]
[Black "Plachetka, Jan"]
[Result "1/2-1/2"]
[WhiteElo "2456"]
[BlackElo "2381"]
[PlyCount "84"]
[EventDate "2008.??.??"]
[SourceDate "2008.07.26"]

1. d4 Nf6 2. c4 g6 3. g3 Bg7 4. Bg2 d5 5. cxd5 Nxd5 6. Nf3 Nc6 7. O-O Nb6 8. e3
e5 9. Nc3 Bg4 10. d5 e4 11. dxc6 Qxd1 12. Rxd1 Bxf3 13. cxb7 Rb8 14. Bxf3 exf3
15. Ne4 Rxb7 16. Rb1 Na4 17. b3 O-O 18. Ba3 Rfb8 19. Rd7 Nb6 20. Rd3 Nc4 21.
Bc5 Ne5 22. Rdd1 a5 23. Bd4 Nc6 24. Nc5 Nxd4 25. exd4 Ra7 26. Rd3 a4 27. b4 a3
28. Rbb3 c6 29. d5 Re7 30. Rxf3 cxd5 31. Nd3 Ra7 32. Re3 Bf8 33. Re1 Rc8 34.
Rc1 Rc4 35. Kf1 Bh6 36. Re1 Bf8 37. Re8 Kg7 38. Re2 Bd6 39. Ke1 Rb7 40. Kd1
Bxb4 41. Nxb4 Rbxb4 42. Rxa3 Rb1+ 1/2-1/2

[Event "TIPC 2008 GM"]
[Site "Charleroi"]
[Date "2008.07.28"]
[Round "4.4"]
[White "Terrieux, Kevin"]
[Black "Hovhanisian, Mher"]
[Result "1/2-1/2"]
[WhiteElo "2360"]
[BlackElo "2458"]
[PlyCount "37"]
[EventDate "2008.??.??"]
[SourceDate "2008.07.26"]

1. d4 d5 2. c4 dxc4 3. e3 e5 4. Bxc4 exd4 5. exd4 Bb4+ 6. Nc3 Nf6 7. Nf3 O-O 8.
O-O Bg4 9. Bg5 Nc6 10. Nd5 Be7 11. Nxe7+ Qxe7 12. d5 Ne5 13. Be2 Bxf3 14. Bxf3
Qd6 15. Bxf6 Qxf6 16. Rc1 Qd6 17. Qb3 Rab8 18. Rfd1 Rfe8 19. g3 1/2-1/2

[Event "TIPC 2008 GM"]
[Site "Charleroi"]
[Date "2008.07.28"]
[Round "4.5"]
[White "Vandevoort, Pascal"]
[Black "Gharamian, Tigran"]
[Result "0-1"]
[WhiteElo "2409"]
[BlackElo "2560"]
[PlyCount "70"]
[EventDate "2008.??.??"]
[SourceDate "2008.07.26"]

1. d4 Nf6 2. Nf3 e6 3. e3 c5 4. Bd3 b6 5. O-O Bb7 6. c4 g6 7. Nc3 Bg7 8. e4
cxd4 9. Nxd4 d6 10. f4 O-O 11. Be3 Re8 12. Qe2 Nbd7 13. Nb3 a6 14. a4 Nc5 15.
Nxc5 bxc5 16. Rae1 Nd7 17. Qd2 f5 18. Bf2 Nf6 19. exf5 exf5 20. Nd5 Bxd5 21.
cxd5 Ng4 22. h3 Nxf2 23. Kxf2 Rb8 24. Kg1 Rxb2 25. Qd1 Bc3 26. Rxe8+ Qxe8 27.
Bxa6 Rd2 28. Qf3 Bd4+ 29. Kh2 Qxa4 30. Bc8 Qc2 31. Qg3 Rd1 32. Qf3 Rxf1 33.
Qxf1 c4 34. Kg3 c3 35. Ba6 Qd2 0-1

[Event "TIPC 2008 GM"]
[Site "Charleroi"]
[Date "2008.07.29"]
[Round "5.1"]
[White "Gharamian, Tigran"]
[Black "Van der Stricht, Geert"]
[Result "1-0"]
[WhiteElo "2560"]
[BlackElo "2426"]
[PlyCount "81"]
[EventDate "2008.??.??"]
[SourceDate "2008.07.26"]

1. e4 c5 2. Nf3 d6 3. d4 cxd4 4. Nxd4 Nf6 5. Nc3 a6 6. h3 e6 7. g4 d5 8. exd5
Nxd5 9. Bd2 h5 10. Bg2 hxg4 11. hxg4 Rxh1+ 12. Bxh1 Nb6 13. Nb3 Nc4 14. Qe2
Nxd2 15. Nxd2 Bd7 16. Bxb7 Ra7 17. Bd5 Bb4 18. Bb3 Bxc3 19. bxc3 Qa5 20. Qe3
Rc7 21. Nc4 Qc5 22. Qd4 Bb5 23. Nd6+ Ke7 24. Ne4 Qxd4 25. cxd4 a5 26. c4 Bd7
27. d5 exd5 28. cxd5 Rc8 29. f3 a4 30. d6+ Ke8 31. Bd5 Bc6 32. Rc1 Kd7 33. Bxf7
Rf8 34. Ng5 Kxd6 35. Kf2 Nd7 36. Rd1+ Ke7 37. Re1+ Kf6 38. f4 Nc5 39. Bc4 Rb8
40. Re5 Rb2+ 41. Kg3 1-0

[Event "TIPC 2008 GM"]
[Site "Charleroi"]
[Date "2008.07.29"]
[Round "5.2"]
[White "Hovhanisian, Mher"]
[Black "Vandevoort, Pascal"]
[Result "1-0"]
[WhiteElo "2458"]
[BlackElo "2409"]
[PlyCount "50"]
[EventDate "2008.??.??"]
[SourceDate "2008.07.26"]

1. d4 Nf6 2. c4 e6 3. Nf3 c5 4. Nc3 cxd4 5. Nxd4 a6 6. e4 Bb4 7. Bd3 Nc6 8. Nf3
Qc7 9. O-O Bxc3 10. bxc3 d6 11. Ba3 Nd7 12. Bc2 Nc5 13. Qd2 f6 14. Rad1 Ke7 15.
e5 Nxe5 16. Nxe5 dxe5 17. f4 exf4 18. Qxf4 e5 19. Qg3 Kf7 20. Rd5 b6 21. Rxe5
Bb7 22. Qg5 Rae8 23. Rxf6+ gxf6 24. Qh5+ Kg7 25. Rxe8 Bc6 1-0

[Event "TIPC 2008 GM"]
[Site "Charleroi"]
[Date "2008.07.29"]
[Round "5.3"]
[White "Plachetka, Jan"]
[Black "Terrieux, Kevin"]
[Result "1/2-1/2"]
[WhiteElo "2381"]
[BlackElo "2360"]
[PlyCount "39"]
[EventDate "2008.??.??"]
[SourceDate "2008.07.26"]

1. e4 c5 2. Nf3 Nc6 3. d4 cxd4 4. Nxd4 Nf6 5. Nc3 e5 6. Ndb5 d6 7. Bg5 a6 8.
Na3 b5 9. Bxf6 gxf6 10. Nd5 f5 11. c3 Bg7 12. exf5 Bxf5 13. Nc2 O-O 14. Nce3
Be6 15. Bd3 f5 16. O-O Ra7 17. Bc2 Ne7 18. Bb3 Kh8 19. Nxe7 Rxe7 20. Nd5
1/2-1/2

[Event "TIPC 2008 GM"]
[Site "Charleroi"]
[Date "2008.07.29"]
[Round "5.4"]
[White "Michiels, Bart"]
[Black "Kraemer, Martin"]
[Result "1/2-1/2"]
[WhiteElo "2442"]
[BlackElo "2456"]
[PlyCount "51"]
[EventDate "2008.??.??"]
[SourceDate "2008.07.26"]

1. e4 c5 2. Nf3 e6 3. d4 cxd4 4. Nxd4 a6 5. c4 Nf6 6. Nc3 Bb4 7. Bd3 Nc6 8. Nf3
d6 9. O-O O-O 10. Bd2 h6 11. Rc1 e5 12. h3 Be6 13. a3 Bc5 14. b4 Ba7 15. Nd5 a5
16. Rb1 axb4 17. axb4 Nd4 18. Bc3 Re8 19. Nxd4 Bxd4 20. Bxd4 exd4 21. Ra1 Bxd5
22. exd5 Qb6 23. Ra4 Nd7 24. Qa1 Rxa4 25. Qxa4 Rd8 26. Re1 1/2-1/2

[Event "TIPC 2008 GM"]
[Site "Charleroi"]
[Date "2008.07.29"]
[Round "5.5"]
[White "Dgebuadze, Alexandre"]
[Black "Rausis, Igor"]
[Result "1/2-1/2"]
[WhiteElo "2562"]
[BlackElo "2486"]
[PlyCount "41"]
[EventDate "2008.??.??"]
[SourceDate "2008.07.26"]

1. e4 e5 2. Nf3 Nf6 3. Nxe5 d6 4. Nf3 Nxe4 5. d4 d5 6. Bd3 Bd6 7. O-O O-O 8. c4
c6 9. Re1 Bg4 10. Bxe4 dxe4 11. Rxe4 f5 12. Re1 Bxf3 13. Qxf3 Qh4 14. h3 Qxd4
15. Qc3 Qxc3 16. Nxc3 Na6 17. Bg5 Rfe8 18. Rxe8+ Rxe8 19. Rd1 Be7 20. Be3 Bc5
21. Bxc5 1/2-1/2

[Event "TIPC 2008 GM"]
[Site "Charleroi"]
[Date "2008.07.30"]
[Round "6.1"]
[White "Van der Stricht, Geert"]
[Black "Rausis, Igor"]
[Result "1-0"]
[WhiteElo "2426"]
[BlackElo "2486"]
[PlyCount "72"]
[EventDate "2008.??.??"]
[SourceDate "2008.07.26"]

1. d4 Nf6 2. c4 e6 3. Nc3 d5 4. Bg5 Nbd7 5. e3 Be7 6. Nf3 O-O 7. Rc1 dxc4 8.
Bxc4 a6 9. a4 c5 10. O-O cxd4 11. exd4 Nb6 12. Ba2 Bd7 13. Re1 Bc6 14. Ne5 Nfd5
15. Bxe7 Qxe7 16. a5 Nxc3 17. bxc3 Nd5 18. Bxd5 Bxd5 19. c4 Bc6 20. d5 Rfd8 21.
Qb3 Be8 22. dxe6 fxe6 23. Rb1 Rac8 24. Qxb7 Qxb7 25. Rxb7 Rc5 26. h3 Rxa5 27.
Rc7 Ra2 28. c5 Rc2 29. c6 Rc5 30. Re3 a5 31. Kh2 h5 32. h4 Kh7 33. f4 Rd4 34.
Rg3 Rxf4 35. Rgxg7+ Kh8 36. Rge7 Rf8 1-0

[Event "TIPC 2008 GM"]
[Site "Charleroi"]
[Date "2008.07.30"]
[Round "6.2"]
[White "Kraemer, Martin"]
[Black "Dgebuadze, Alexandre"]
[Result "1-0"]
[WhiteElo "2456"]
[BlackElo "2562"]
[PlyCount "100"]
[EventDate "2008.??.??"]
[SourceDate "2008.07.26"]

1. d4 Nf6 2. c4 e6 3. Nf3 b6 4. g3 Ba6 5. Qa4 Bb7 6. Bg2 c5 7. dxc5 bxc5 8. O-O
Be7 9. Nc3 O-O 10. Rd1 Qb6 11. Bf4 d6 12. Rd2 Rd8 13. Rad1 Na6 14. a3 Nc7 15.
Qc2 Qa6 16. e4 e5 17. Bg5 Ne6 18. Bxf6 Bxf6 19. Nd5 Bxd5 20. cxd5 Nd4 21. Nxd4
exd4 22. Bf1 Qa5 23. Bc4 Rab8 24. Qd3 Re8 25. Re2 Re7 26. Kg2 Reb7 27. Rdd2 Qa4
28. f4 g6 29. Rc2 Bg7 30. h4 Qd7 31. Rf2 a5 32. Rce2 a4 33. e5 Qg4 34. Qf3
Qxf3+ 35. Kxf3 d3 36. Re3 dxe5 37. fxe5 d2 38. Rd3 Bh6 39. d6 Rb3 40. Bxb3 Rxb3
41. Rfxd2 Bxd2 42. Ke2 Rxd3 43. Kxd3 Be1 44. d7 Ba5 45. Kc4 Kf8 46. Kb5 Bc7 47.
d8=Q+ Bxd8 48. Kxa4 Bc7 49. Kb5 Bxe5 50. b3 Ke7 1-0

[Event "TIPC 2008 GM"]
[Site "Charleroi"]
[Date "2008.07.30"]
[Round "6.3"]
[White "Terrieux, Kevin"]
[Black "Michiels, Bart"]
[Result "1-0"]
[WhiteElo "2360"]
[BlackElo "2442"]
[PlyCount "115"]
[EventDate "2008.??.??"]
[SourceDate "2008.07.26"]

1. d4 d5 2. c4 dxc4 3. Nf3 Nf6 4. e3 e6 5. Bxc4 c5 6. O-O a6 7. Bb3 Nc6 8. Nc3
Be7 9. dxc5 Qxd1 10. Rxd1 Bxc5 11. Bd2 Bd7 12. Rac1 Ba7 13. Be1 Rc8 14. Na4 b6
15. Bc2 b5 16. Nc3 Ke7 17. Ne4 Nxe4 18. Bxe4 Bb8 19. Rc3 f5 20. Bb1 Ne5 21. Nd4
Bd6 22. f4 Nc4 23. b3 Na3 24. Rcd3 Nxb1 25. Nf3 Rc6 26. Rxd6 Rxd6 27. Bb4 Nc3
28. Rxd6 Nxa2 29. Bc5 Rc8 30. b4 Ke8 31. Ne5 Rc7 32. Rxa6 Nc3 33. Ra8+ Bc8 34.
Bd6 Ne2+ 35. Kf2 Rc2 36. Rxc8+ Rxc8 37. Kxe2 Rc4 38. Kf3 Kd8 39. Bc5 Kc7 40. h3
h5 41. Kg3 h4+ 42. Kh2 Rc1 43. Nf3 Rxc5 44. bxc5 Kc6 45. Kg1 Kxc5 46. Kf2 Kc4
47. Ke2 b4 48. Nxh4 b3 49. Nf3 b2 50. Nd2+ Kc3 51. g4 fxg4 52. hxg4 g6 53. g5
Kc2 54. e4 Kc1 55. Kd3 Kd1 56. f5 exf5 57. exf5 gxf5 58. g6 1-0

[Event "TIPC 2008 GM"]
[Site "Charleroi"]
[Date "2008.07.30"]
[Round "6.4"]
[White "Vandevoort, Pascal"]
[Black "Plachetka, Jan"]
[Result "0-1"]
[WhiteElo "2409"]
[BlackElo "2381"]
[PlyCount "49"]
[EventDate "2008.??.??"]
[SourceDate "2008.07.26"]

1. e4 c5 2. Nf3 d6 3. d4 cxd4 4. Nxd4 Nf6 5. Nc3 Nc6 6. Bg5 e6 7. Qd2 Qb6 8.
Nb3 Be7 9. Be2 O-O 10. O-O Rd8 11. Be3 Qc7 12. f4 a6 13. a4 b6 14. Bf3 Rb8 15.
Qf2 Na5 16. Nxa5 bxa5 17. Rab1 Rb4 18. Kh1 Bb7 19. Bd2 Bxe4 20. Nxe4 Nxe4 21.
Bxe4 Rxe4 22. f5 e5 23. Be3 Rc8 24. c3 Rxa4 25. Ra1 0-1

[Event "TIPC 2008 GM"]
[Site "Charleroi"]
[Date "2008.07.30"]
[Round "6.5"]
[White "Gharamian, Tigran"]
[Black "Hovhanisian, Mher"]
[Result "1/2-1/2"]
[WhiteElo "2560"]
[BlackElo "2458"]
[PlyCount "231"]
[EventDate "2008.??.??"]
[SourceDate "2008.07.26"]

1. e4 e6 2. d4 d5 3. Nc3 Nf6 4. e5 Nfd7 5. f4 c5 6. Nf3 Nc6 7. Be3 Qb6 8. Na4
Qa5+ 9. c3 b6 10. Bd2 c4 11. b4 Nxb4 12. cxb4 Bxb4 13. Qc2 Bxd2+ 14. Nxd2 b5
15. Nc3 Nb6 16. Be2 b4 17. Nd1 Bd7 18. O-O Ba4 19. Qc1 Bxd1 20. Bxd1 g6 21. f5
gxf5 22. Bh5 Na4 23. Nf3 h6 24. g4 Nc3 25. Qe3 fxg4 26. Nh4 O-O-O 27. Bxf7 Qb6
28. Rf6 Qxd4 29. Qxd4 Ne2+ 30. Kg2 Nxd4 31. Rd1 Nc2 32. Kf2 d4 33. Bxe6+ Kb8
34. Nf5 c3 35. Bb3 d3 36. Nd6 Nd4 37. Ke3 Nxb3 38. axb3 d2 39. Kd3 Rhe8 40. Kc2
Rxe5 41. Nf7 Ra5 42. Nxd8 Ra2+ 43. Kd3 c2 44. Rff1 c1=Q 45. Rxc1 dxc1=Q 46.
Rxc1 Rxh2 47. Nc6+ Kb7 48. Nxb4 g3 49. Rg1 g2 50. Nd5 Rh3+ 51. Ne3 Rg3 52. Ke2
h5 53. Kf2 h4 54. Nxg2 Rxb3 55. Nxh4 a5 56. Ra1 Kb6 57. Nf3 Rb4 58. Ke3 a4 59.
Nd4 Kc5 60. Nc2 Rh4 61. Kd3 Rh3+ 62. Kd2 Rh2+ 63. Kc3 Rh3+ 64. Kb2 Rb3+ 65. Kc1
a3 66. Nxa3 Rh3 67. Nb1 Rh2 68. Ra4 Kb5 69. Rf4 Kc5 70. Nd2 Kd5 71. Kc2 Ke5 72.
Rf3 Rh8 73. Kc3 Rh4 74. Rf8 Ra4 75. Nc4+ Ke4 76. Re8+ Kf5 77. Kd4 Ra1 78. Nd6+
Kf6 79. Ne4+ Kf5 80. Rf8+ Kg4 81. Nc5 Ra4+ 82. Ke5 Ra1 83. Rf4+ Kg3 84. Ne4+
Kh3 85. Rf3+ Kg2 86. Rf2+ Kg1 87. Rc2 Rf1 88. Ng5 Rf8 89. Nh3+ Kf1 90. Ke4 Ke1
91. Nf4 Kd1 92. Ra2 Re8+ 93. Kf3 Rf8 94. Ke3 Re8+ 95. Kd4 Rd8+ 96. Nd5 Ke1 97.
Rb2 Kf1 98. Rh2 Kg1 99. Rd2 Re8 100. Ra2 Kf1 101. Nc3 Ke1 102. Ne4 Rd8+ 103.
Ke3 Kd1 104. Nf2+ Kc1 105. Nd3+ Kb1 106. Rb2+ Ka1 107. Rd2 Kb1 108. Rh2 Re8+
109. Kd2 Rc8 110. Rh5 Ka2 111. Rb5 Ka3 112. Nc5 Rh8 113. Kc2 Rh2+ 114. Kb1 Rh1+
115. Kc2 Rh2+ 116. Kc3 {Réclamation de nulle par les noirs sur base de 50
coups sans prise et sans mouvement de pion, tout de suite donné nulle par les
blancs.} 1/2-1/2